000 01022naa a22002897a 4500
001 BR9602295
003 BR-BrBNA
005 20240918181830.0
007 ta
008 230509b bl.||||| |||| 00| 0 por d
040 _aBR-BrBNA
_bpor
_cBiblioteca Nacional de Agricultura
041 _a(Pt)
072 _aQ55; L01
_b5213
_b8954
090 _aQ55 BR9602295
100 1 _aBoin, C.
245 1 _aManejo da alimentacao, aditivos e anabolizantes para o acabamento de bovinos de corte em confinamento
250 1 _a2. ed.
260 3 _aPiracicaba, SP (Brasil):
_c1993.
500 _aBovinocultura de corte. Fundamentos da exploracao racional 2. ed. Piracicaba, SP (Brasil): 1993. p. 329-345 (BR9602295-AM)Q55
650 _aGado de Corte
650 _aCriacao
650 _aConfinamento
650 _aAnabolizante
773 0 _tBovinocultura de corte. Fundamentos da exploracao racional
_wQ55 BR9602295
_gPiracicaba, SP (Brasil), 1993. p. 329-345
909 _a202404
_bLucia
_c55
_dLucia Elande
942 _cAM
_2AGRIS
999 _c327051
_d327051